000 00351nam a22001217a 4500
008 160520b xxu||||| |||| 00| 0 eng d
020 _a9780815194811
020 _a0815194811
041 _aeng
080 _a616
245 _aPathophysiology the biologic basis for disease in adilts and children:
_cKathryn L. McCance; Sue E. Huether;
942 _2udc
_cBK
999 _c2303
_d2303